004430000a22001210004500090001700000245010700017041001400124700003400138100003100172942001300203773008800216999001700304 aAsbSeriadas10aClave ilustrada para la determinación genérica de larvas de Culicidae de Colombia y el nuevo mundo0 aEspañol1 aDarsie Jr., Richard F.9999481 aGonzález, Ranulfo992392 cARTICULO1 tBoletín del Museo de Entomología de la Universidad del Valleh1q19-38d1996g4 c15715d15715